Bilecik Bilecik Bilecik Bilecik Bilecik

Isıtma ve havalandırma tekniği : (Record no. 38982)

MARC details
000 -BAŞLIK
Sabit Uzunluktaki Kontrol Alanı 01002nam a22003137a 4500
001 - KONTROL NUMARASI
Control Dosyası 0039104
003 - KONTROL NUMARASI KİMLİĞİ
Kontrol Alanı KOHA_MİRAKIL
005 - EN SON İŞLEM TARİHİ ve ZAMANI
Kontrol Alanı 20260207003119.0
007 - FİZİKSEL TANIM SABİT ALAN - GENEL BİLGİ
Sabit uzunluklu kontrol alanı ta
008 - SABİT UZUNLUKTAKİ VERİ ÖGELERİ - GENEL BİLGİ
Sabit Alan 121224b1969 tu a|||gr||||#||||0|tur |
040 ## - KATALOGLAMA KAYNAĞI
Özgün Kataloglama Kurumu TR-BiSEU
Kataloglama Dili tur
Çeviri Kurumu TR-BiSEU
Açıklama Kuralları rda
041 0# - DİL KODU
Metin ya da ses kaydının dil kodu tur
044 ## - YAYINLAYAN/ÜRETEN KURULUŞUN ÜLKE KODU
ISO country code tu
050 ## - SINIFLAMA ve YER NUMARASI
Sınıflama Numarası TH7124
Yer Numarası .R54 1969
100 1# - KİŞİ ADI
Yazar Adı (Kişi adı) Rietschel, Hermann Imanuel.
245 1# - ESER ADI BİLDİRİMİ
Başlık Isıtma ve havalandırma tekniği :
Alt Eseradı vb. Isıtma ve havalandırma tesisleri hesabı/
Sorumluluk Bildirimi Hermann Imanuel Rietschel ; H. Rietschel, W. Raiss, F. Roedler ; çeviren Uğur Köktürk.
264 #1 - ÜRERİM, YAYIN, DAĞITIM ve TELİF BİLDİRİMİ
Yayın yeri İstanbul :
Yayınlayan Arı Kitabevi
Yayın tarihi 1969
300 ## - FİZİKSEL TANIMLAMA
Sayfa, Cilt vb. c. <2> :
Diğer fiziki detaylar graf., tabl.
336 ## - İÇERİK TÜRÜ
Content type term metin
Content type code txt
Source rdacontent
337 ## - MEDYA TÜRÜ
Media type term aracısız
Media type code n
Source rdamedia
338 ## - TAŞIYICI TÜRÜ
Carrier type term cilt
Carrier type code nc
Source rdacarrier
650 #0 - KONU BAŞLIĞI EK GİRİŞ - KONU TERİMİ
Konusal terim veya coğrafi ad Heating.
9 (RLIN) 52128
650 #0 - KONU BAŞLIĞI EK GİRİŞ - KONU TERİMİ
Konusal terim veya coğrafi ad Ventilation.
9 (RLIN) 52126
650 #0 - KONU BAŞLIĞI EK GİRİŞ - KONU TERİMİ
Konusal terim veya coğrafi ad Air conditioning.
9 (RLIN) 48781
650 #0 - KONU BAŞLIĞI EK GİRİŞ - KONU TERİMİ
Konusal terim veya coğrafi ad Isıtma.
9 (RLIN) 5133
650 #0 - KONU BAŞLIĞI EK GİRİŞ - KONU TERİMİ
Konusal terim veya coğrafi ad Havalandırma.
9 (RLIN) 5134
650 #0 - KONU BAŞLIĞI EK GİRİŞ - KONU TERİMİ
Konusal terim veya coğrafi ad Hava düzenleme.
9 (RLIN) 52275
942 ## - EK GİRİŞ ÖGELERİ (KOHA)
Source of classification or shelving scheme Library of Congress Classification
Koha item type Book
Holdings
Materyal Türü Kalıcı Konum Mevcut Konum Raf Yeri Sınıflandırma Kaynağı Edinim Bilgisi Ana Konular Alt Konular Yer Numarası Cilt Bilgisi Demirbaş Numarası Fatura Tarihi Geri Çekilme Durumu Kayıp Durumu Hasarlı Durumu Kredi için değil Kayıt Tarih Toplam Ödünçverme Son Görülme Tarihi Son Kontrol Tarihi Genel / Bağış Notu
Book Prof. Dr. Azmi Özcan Kütüphanesi Prof. Dr. Azmi Özcan Kütüphanesi Birûni Salonu Library of Congress Classification Bağış TEKNOLOJİ Yapı İnşaatı TH7124 .R54 1969 c.2 0039104 02/02/2026         24/12/2012 1 05/12/2024 05/12/2024 Genel Bağış